000 00328 a2200157 4500
001 172301
020 _a
040 _cMagnum
100 _aGuerra, Rosangela
240 1 0 _aUma historia de nuvens
_lpor
245 1 0 _aUma historia de nuvens
362 0 _a1899
440 1 _aLĂȘ
697 _aI/FADAS, FANTASIA
942 _cBK
999 _c172301
_d172301